000 01903cam a22003378a 4500
001 16882037
003 OSt
005 20150408114221.0
008 110713s2012 stk f b 001 0 eng
010 _a 2011029676
020 _a9780702043024
035 _a(DNLM)101564481
040 _aDNLM/DLC
_cDLC
042 _apcc
060 1 0 _aWY 100
082 0 0 _a610.73 MMP
_223
100 1 _aMaxfield, Maggie.
_945885
245 1 0 _aPlacement learning in medical nursing :
_ba guide for students in practice /
_cMaggie Maxfield, Michelle Parker.
260 _aEdinburgh :
_bBailliere Tindall/Elsevier Ltd.,
_cc2012.
263 _a1203
300 _ap. ;
_ccm.
504 _aIncludes bibliographical references and index.
505 0 _aMedical nursing in context -- Medical placements -- Preparation for placement learning -- The patient journey within medical placements -- Nursing practice : admission and beyond -- Assessment of risk and the medical patient -- Assessment of vital signs and changes in health status -- Communication within medical placements -- Nutrition and effective elimination -- Medicines management -- Medical investigations and medical day care -- The end of the journey : discharge from hospital and the experience of death -- Case study of a patient with heart failure -- Case study of a patient who has been diagnosed HIV positive / Brian Thornton -- Case study of a patient with tuberculosis / Maria Mercer -- Case study of a patient living with diabetes mellitus / Anne Claydon -- Revision and future learning.
650 1 2 _aNursing Care
_vCase Reports.
_945746
650 2 2 _aClinical Competence
_vCase Reports.
_945880
650 2 2 _aEducation, Nursing
_xmethods
_vCase Reports.
_945886
650 2 2 _aStudents, Nursing
_vCase Reports.
_945887
700 1 _aParker, Michelle,
_d1974-
_945888
906 _a7
_bcbc
_corignew
_d1
_eecip
_f20
_gy-gencatlg
942 _2ddc
_cBOOK
999 _c35384
_d269884